000 00455nam a22001697a 4500
005 20231101110426.0
008 231101b |||||||| |||| 00| 0 eng d
020 _a978-93-88267-33-5
041 _aeng
082 _a341.01
100 _aMATHUR, D.N
_98220
245 _aPROFESSIONAL ETHICS ACCOUNTABILITY FOR LAWYERS AND BENCH-BAR REGULATIONS
260 _aALLAHABAD
_bCENTRAL LAW PUBLICATIONS
_c2023
300 _a504;p
650 _aLAW
942 _cBK
999 _c8439
_d8437